Guess the NBA MVPs college teams - Statistics

General Stats
  • This quiz has been taken 60 times
  • The average score is 25 of 36
Answer Stats
MVP Year Name of MVP College teams % Correct
19711972 1974 1976 1977 1980 Kareem Abdul Jabbar UCLA
98%
1978 Bill Walton UCLA
98%
2017 Russell Westbrook UCLA
98%
20152016 Stephen Curry Davidson
91%
19561959 Bob Pettit LSU
91%
2000 Sahquille O'Neal LSU
91%
2014 Kevin Durant Texas
91%
1984-1986 Larry Bird Indiana state
84%
19601966-1968 Wilt Chamberlain Kansas
84%
2023 Joel Embiid Kansas
84%
19871989 1990 Magic Johnson Michigan state
84%
2025 Shai Gilgeous-Alexander Kentucky
82%
1975 Bob McAdoo UNC
82%
19881991 1992 1996 1998 Michael Jordan UNC
82%
20022003 Tim Duncan Wake Forest
82%
2001 Allen Iverson Georgetown
79%
2011 Derrick Rose Memphis
77%
1995 David Robinson Navy
77%
2018 James Harden Arizona state
75%
1994 Hakeem Olajuwon Houston
71%
19791982 1983 Moses Malone None
70%
2004 Kevin Garnett None
70%
2007 Dirk Nowitzki None
70%
2008 Kobe Bryant None
70%
20192020 Giannis Antetokoumpo None
70%
20212022 2024 Nikola Jokic None
70%
1993 Charles Barkley Auburn
66%
20052006 Steve Nash Santa Clara
55%
19971999 Karl Malone Louisiana tech
46%
19581961 1963 1965 Bill Russell San Francisco
46%
1964 Oscar Robertson Cincinnati
39%
1969 Wes Unseld Louisville
29%
1973 Dave Cowens Florida state
25%
1957 Bob Cousy Holy Cross
21%
20092010
2012 2013
LeBron James Nonr
4%
19701973 Willis Reed Grambing State
2%
No matching quizzes found
Score Distribution
Percent of People with Each Score
Percentile by Number Answered
Your Score History
You have not taken this quiz